A Spar szupermarket technológiájának és a POS technológiai és szervezési hátterének bemutatása és kritikai elemzése

Bibliográfiai részletek
Szerző: Oroszki Erzsébet Judit
További közreműködők: Bartha Dr. Andrea
Dokumentumtípus: Záródolgozat
Kulcsszavak:Munkaerőpiac, magyar
Munkaerőpiac, változás
Foglalkoztatás
Munkanélküliség
Pályakezdés
Első Munkahely Garancia Program
START program
LinkElemzés
Online Access:http://dolgozattar.uni-bge.hu/59376

MARC

LEADER 00000nta a2200000 i 4500
001 dolg59376
005 20260114083817.0
008 260114suuuu hu o 000 hun d
040 |a BGE Dolgozattár Repozitórium  |b hun 
041 |a hu 
100 1 |a Oroszki Erzsébet Judit 
245 1 2 |a A Spar szupermarket technológiájának és a POS technológiai és szervezési hátterének bemutatása és kritikai elemzése  |c Oroszki Erzsébet Judit  |h [elektronikus dokumentum] 
516 |a Final_paper 
695 |a Munkaerőpiac, magyar 
695 |a Munkaerőpiac, változás 
695 |a Foglalkoztatás 
695 |a Munkanélküliség 
695 |a Pályakezdés 
695 |a Első Munkahely Garancia Program 
695 |a START program 
695 |a LinkElemzés 
700 1 |a Bartha Dr. Andrea  |e ths 
856 4 0 |u http://dolgozattar.uni-bge.hu/59376/1/Oroszki-Erzsebet-Judit.pdf  |z Dokumentum-elérés